000 00259nam a2200109Ia 4500
008 190216s9999||||xx |||||||||||||| ||und||
100 _aUnnikrishnan Puthoor
245 0 _aVadiya Chambaga Pookal
260 _bCurrent Books
650 _aMalayalam
942 _cBK
999 _c26221
_d26221